000 02520cam a22003015a 4500
001 L146586
008 090205s2008 xxka f 000 0 eng d
020 _a9780728205512
020 _a9780080937878
035 _a(Sirsi) u146586
041 0 _aeng
050 0 4 _a333.33520941 $2 18
100 1 _aWilliams, R.G.
245 0 0 _aAgricultural valuations
_ba practical guide
250 _a4th ed.
260 _aLondon
_bEG
_c2008
300 _aeBook
505 2 _aHistory -- Definitions -- Produce -- Growing crops -- Tenant's pastures -- Unexhausted value of feeding stuffs, manure and lime -- Sod fertility claims -- Tenant's improvements -- Tenant's fixtures -- Offgoing crops (or going away crops) -- Dilapidations -- Pipelines, capital, easement payment and claims -- Electricity line wayleaves and claims -- Notices to remedy breaches of tenancy agreement -- Probate valuations -- Stock taking or income tax valuation -- Valuation to freehold farms -- Inventories (records) -- Compulsory purchase claims -- Farm rents -- Valuation clauses on sales of farms -- Records of condition -- Livestock -- Arbitration and independent expert determination -- Milk quotas -- Soil climate and productive capacity -- Managing land notified as a SSSI -- Agricultural Tenancies Act 1995 -- Valuations in court proceedings -- Glossary of general information -- Advice to young practitioners
520 _aThis eBook provides a concise, practical guide to best practice in agricultural valuations with expert commentary. Updates changes to tenant right valuations, improvements, fixtures, milk quotas and dilapidations which have occurred since 1998. Using example claims and valuations, explains pipeline and electricity line wayleave claims, notices to remedy breaches, together with probate, income tax and compulsory purchase valuations. Further chapters deal with the guiding principles of how to correctly value farms, assess farm rents, carry out arbitrations, inventories and records of condition as well as valuation clauses on sales of farms, management agreements and valuation in court proceedings. Includes straightforward advice and commentary on relevant legal cases.
520 _aSupersedes 3rd edition (ISBN 0728203111).
521 2 0 _aExpert
590 _aKA
650 2 4 _aEBOOK
651 4 _aEngland and Wales
_y1543-
690 _aPROPERTY-PROPERTY APPRAISAL AND VALUATION
856 4 0 _uhttps://www.vlebooks.com/
_zView on VLEbooks. Logins for members only from [email protected]
942 _n0
999 _c109231
_d109231